| 000 | 00407nam a22001337a 4500 | ||
|---|---|---|---|
| 082 |
_a625.794 _bVIS _cD |
||
| 110 |
_aCentral Bureau of the CIE. _943752 |
||
| 245 |
_aVisual aspects of road markings / _cCentral Bureau of the CIE. |
||
| 260 |
_aAustralia : _bCentral Bureau of the CIE. _c1988. |
||
| 300 | _avii, 53 p. : | ||
| 526 |
_a0 _b0 _c0 _d625_794000000000000_VIS |
||
| 650 |
_aMCE _9379 |
||
| 942 |
_2ddc _cBK |
||
| 999 |
_c547575 _d547575 |
||